01173cam a22002891 4500001001300000003000400013005001700017008004100034010001700075025001900092035002000111040001800131042001200149050001700161082001900178100002400197245006900221260010200290300002500392490008600417500015200503500002600655504003100681650003800712810011600750999001700866sa 67003102 DLC20260227112335.0840323s1966 ii b b 000 0 eng  asa 67003102  aPL480:I-E-7259 a(OCoLC)10556568 aDLCcNRUdDLC apremarc00aHT147.I5bJ3 a301.3/6/0954751 aJanaki, Vengalil A.10aFunctional classification of towns in Gujaratc[by] V.A. Janaki. a[Baroda,bDept. of Geography, Faculty of Science] Maharaja Sayajirao University of Barodac[1966] a48 p.bmaps.c29 cm.1 aMaharaja Sayajirao University of Baroda. Research paper series: geography,vno. 2 a"Paper ... read at the Geography summer school held at Nainital (June 10th to 24, 1965) by the Department of Geography, Aligarh Muslim University." aErrata slip inserted. aBibliographical footnotes. 0aCities and townszIndiazGujarat.2 aMaharaja Sayajirao University of Baroda.bDepartment of Geography.tResearch paper series.pgeography ;vno. 2. c73626d73626